banner-ar

معجم الهيدرولوجيا / (Record no. 59662)

MARC details
000 -الفاتح
حقل البيانات ثابتة الطول 00443nam a2200157Ia 4500
008 - عناصر البيانات ثابتة الطول - معلومات عامة
حقل البيانات ثابتة الطول 140319s9999 xx 000 0 ara d
040 ## - مصدر الفهرسة
وكالة الفهرسة الأصلية GCL /
وكالة النسخ GCL
082 04 - رقم تصنيف ديوى العشرى
رقم التصنيف م
رقم المادة 551.4803
-- م م
100 1# - المدخل الرئيسى - إسم شخصى
الإسم الشخصى مصطفى محمود القاضى
245 10 - بيان العنوان
العنوان معجم الهيدرولوجيا /
بيان المسئوليه,etc مصطفى محمود القاضى
300 ## - الوصف المادى
التعداد 161
650 04 - المدخل الاضافى بالموضوع-مصطلح موضوعى
مصطلح موضوعي الهيدروليكا
650 04 - المدخل الاضافى بالموضوع-مصطلح موضوعى
مصطلح موضوعي المعاجم
942 ## - عناصر المدخل الإضافي( كوها)
مصدر التصنيف او مخطط الترفيف Dewey Decimal Classification
Koha [default] item type المراجع
Holdings
حالة التراجع حالة الفقد حالة تلف ليس للاعارة المكان المؤقت الموقع الحالى تاريخ الاكتساب اجمالي اﻻعارات رقم الطلب الباركود تاريخ اخر مشاهدة تاريخ تفعيل السعر نوع وعاء كوها
        مكتبة القاهرة الكبرى مكتبة القاهرة الكبرى 03/26/2014   م\ 551.4803\م م 157790 03/26/2014 03/26/2014 المراجع
        مكتبة القاهرة الكبرى مكتبة القاهرة الكبرى 03/26/2014   م\ 551.4803\م م 157791 03/26/2014 03/26/2014 المراجع
        مكتبة القاهرة الكبرى مكتبة القاهرة الكبرى 03/26/2014   م\ 551.4803\م م 157792 03/26/2014 03/26/2014 المراجع

Powered By

EGPV